Statistiques concernant Langues régionales de l'Hexagone

Cliquez ici pour prendre le quiz!

Statistiques générales

  • Ce quiz a été pris 48 fois
  • Le résultat moyen est 5 sur 8

Statistiques - réponses

Région de l'HexagoneNombre de locuteursLocuteurs réguliersRéponse% Correct
Nord Ouest600 000280 000Breton
93%
Sud Ouest80 00050 000Basque
91%
Tiers Sud1 670 000610 000Occitan
81%
Nord Est900 000660 000Alsacien
79%
Sud Est170 00070 000Corse
74%
Sud Ouest130 00080 000Provençal
49%
Sud Est170 00080 000Catalan
47%
Moitié Nord1 420 000570 000Langue d'Oïl
7%

Distribution des résultats

Percentile par nombre de réponses

% des personnes avec chaque résultat

Votre développement - résultats

Vous n’avez pas pris ce quiz